000 00830nam a2200229 a 4500
008 120416s2001 ||||||||||||||||| || u
020 _a0240804562
050 _aTK 7881.6 Hub
100 _aRunstein, Robert E
245 1 0 _aModern recording techniques
250 _a5th ed.
260 _aBoston
_bFocal Press
_c2001
300 _axvi, 502p. : ill.
350 _a0.00
650 _aSOUND--RECORDING AND REPRODUCING
650 _aSOUND
650 _aMAGNETIC RECORDERS AND RECORDING
700 _aHuber, David Miles
856 _uhttp://www.loc.gov/catdir/toc/els031/2001023198.html
856 _uhttp://www.loc.gov/catdir/description/els031/2001023198.html
995 _D0.00
_FCBU-MAIN LIBRARY (Kitwe)
_H1
_I24.95
_M1
_UAVAILABLE
_ZMain Library Open Access Collection
999 _c51514
_d51514